000 00298nam a22001217a 4500
008 150416b xxu||||| |||| 00| 0 eng d
020 _a9780071498487
020 _a0071498486
041 0 _aeng
080 _a61
245 1 0 _aMedical charting demystified /
_cJoan Richards, Jim Keogh.
942 _2udc
_cBK
999 _c704
_d704